000
00242nam a2200109Ia 4500
008
190216s9999||||xx |||||||||||||| ||und||
100
_a
Nair Rrc & Shekhar K C
245
0
_a
Commerce
260
_b
Null
_c
1965
300
_a
144p
942
_c
BK
999
_c
5193
_d
5193